000 00399nam a2200133Ia 4500
008 100328s9999 xx 000 0 und d
082 _b37043
100 _aराहुल
245 _aजादू भरा जहर
260 _bडायमंड पॉकेट बुक्स
630 _aजादू भरा जहर
730 _aजादू भरा जहर
942 _cBOOK
999 _c526573
_d526570